[Event "10th KiiT Festival 2017"]
[Site "Bhubaneshwar"]
[Date "2017.06.02"]
[Round "10"]
[White "Rajesh, V A V"]
[Black "Singh, Y  Dhanabir"]
[Result "1-0"]
[WhiteElo "2322"]
[BlackElo "2134"]
[Annotator "TA"]
[PlyCount "77"]
[EventDate "2017.05.26"]
[EventType "swiss"]
[EventCountry "IND"]
[SourceTitle "playchess.com"]
[Source "ChessBase"]
[SourceQuality "1"]

{[%evp 10,77,14,0,30,28,31,28,37,28,31,0,0,0,10,-24,23,0,7,1,8,16,17,0,0,0,0,-63,-2,-1,-15,0,-1,-31,-29,-44,-47,-42,-57,-60,-63,-27,-44,-47,-54,-100,-85,-77,-49,-52,-58,-87,-93,-107,-91,-275,-246,-268,-141,-147,-119,-97,-52,-65,-64,-35,29,10,29,16]} 1. d4 g6 2. Nf3 Bg7 3. c4 d6 4. Nc3 e5 5. Bg5 f6 6. Bd2 {LiveBook: 8 Games. A41: 1 d4 d6: Tartakower System and Modern Defence} Nc6 7. d5 Nce7 8. e4 {White is slightly better.} f5 9. exf5 $146 ({Predecessor:} 9. c5 dxc5 10. Bb5+ Kf8 11. a4 Nf6 12. O-O a6 13. Bc4 {1-0 (34) Hellsten,J (2511)-Azmaiparashvili,Z (2702) Kallithea 2003}) 9... gxf5 10. Ng5 Nf6 11. g3 O-O 12. Bg2 Ng6 13. O-O h6 14. Ne6 Bxe6 $1 15. dxe6 c6 16. Qc1 Qe8 17. Bxh6 Qxe6 18. Bh3 (18. Qg5 $11 Nh7 19. Qh5) 18... Kf7 ({Black should play} 18... Bxh6 $15 19. Qxh6 Kf7) 19. Bxg7 Kxg7 20. Qg5 Nh7 21. Qd2 Rad8 22. b3 d5 23. cxd5 cxd5 {[%cal Bc6d5,Bd5d4][%mdl 32]} 24. Rac1 d4 25. Nb5 a6 $36 {[%mdl 2048] Black is pushing.} 26. Nc7 Qd6 {White must now prevent ...Rd7.} 27. Qa5 Ng5 28. Bg2 e4 29. h4 Nh7 30. Rc4 {[#] aiming for Rxd4!} Kg8 31. Rd1 d3 32. Qc3 $2 (32. Qc5 $17) 32... Rd7 $19 33. Rc5 Ne7 (33... Nf6 $19 {Hoping for ...Rff7.} 34. h5 Nxh5 35. Qc4+ Kh8) 34. Qc4+ $17 Rf7 {[#] Strongly threatening ...b6.} 35. Ne8 Qb8 36. Nc7 b6 37. Nxa6 Qb7 ({Better is} 37... Qd6 $15 38. Rc7 Nf6) 38. Rc7 Rxc7 39. Nxc7 {[%mdl 32768] Precision: White = 31%, Black = 56%. . Loss on Time!?} 1-0

[Event "10th KiiT Festival 2017"]
[Site "Bhubaneshwar"]
[Date "2017.06.02"]
[Round "10"]
[White "Mitrabha, Guha"]
[Black "Raghunandan, Kaumandur Srihari"]
[Result "0-1"]
[WhiteElo "2299"]
[BlackElo "2410"]
[Annotator "TA"]
[PlyCount "120"]
[EventDate "2017.05.26"]
[EventType "swiss"]
[EventCountry "IND"]
[SourceTitle "playchess.com"]
[Source "ChessBase"]
[SourceQuality "1"]

{[%evp 14,120,33,17,23,22,39,29,38,27,31,48,45,40,45,48,51,57,50,25,23,22,15,14,52,0,43,-8,-7,-2,-7,-2,-8,-1,0,-47,-57,-54,-44,-52,-44,-49,-53,-127,-133,-137,-140,-179,-193,-190,-197,-183,-181,-174,-168,-221,-225,-221,-218,-206,-148,-156,-148,-204,-205,-209,-205,-328,-340,-355,-352,-336,-306,-306,-323,-306,-306,-324,-306,-520,-483,-602,-602,-577,-575,-513,-513,-508,-499,-549,-503,-635,-608,-1208,-938,-29960,-29958,-29964,-29966,-29978,-29979,-29979,-29980,-4610,-5093,-29982,-29983,-29982,-29984]} 1. d4 Nf6 2. Nf3 g6 3. g3 Bg7 4. Bg2 O-O 5. O-O d6 6. c4 Nc6 7. Nc3 a6 8. Bf4 Rb8 {E63: King's Indian: Fianchetto: Panno Variation with 7...a6} 9. Rc1 h6 (9... Bd7 10. Qd2 b5 11. Nd5 bxc4 12. Nxf6+ Bxf6 13. Rxc4 e5 14. dxe5 Nxe5 15. Nxe5 dxe5 {1-0 (47) Svidler,P (2727)-Jones,G (2623) Berlin 2015}) 10. h3 g5 {White has an edge.} 11. Be3 g4 12. hxg4 Nxg4 13. Qd2 Nxe3 14. Qxe3 e5 15. dxe5 Re8 {[%cal Rd6e5]} 16. Nd5 $146 ({Predecessor:} 16. Rfd1 Nxe5 17. Nxe5 Rxe5 {½-½ (45) Benidze,D (2491)-Fier,A (2624) Ureki 2015}) 16... Nxe5 17. Nxe5 Rxe5 18. Qd2 Bf5 19. Rce1 (19. Nf4 $14) 19... c6 20. Ne3 (20. Nf4 $1 $14) 20... Bh7 $11 21. Rd1 h5 22. Qxd6 Qxd6 23. Rxd6 Ra5 24. b3 (24. b4 $5 {[%cal Rb4a5]} Rxa2 25. b5 $11) 24... Rxa2 25. Bf3 Bg6 26. Ng2 Be5 27. Rd7 Bf5 28. Re7 (28. Rdd1 $15) 28... Bf6 $17 29. Re3 Bd4 $1 $36 {[%mdl 2048] White is under strong pressure.} 30. Re7 Kf8 $1 {[%cal Rf8e7]} 31. Nh4 Bh3 32. Re4 Bxf1 33. Kxf1 Bf6 34. Nf5 (34. Bxh5 {might work better.} Re8 35. Rf4) 34... Re8 $19 {Threatens to win with ...Rxe4.} 35. Rf4 Bg5 36. Rd4 {intending Rd7.} Rd2 37. Rxd2 Bxd2 $17 {[%mdl 4096] Endgame KRB-KBN} 38. Nd6 (38. e3 $17) 38... Re7 $19 39. Bxh5 Bb4 40. Nf5 (40. Nxf7 {was worth a try.} Rxf7 41. Bxf7 Kxf7 42. f4) 40... Rd7 41. e3 {[#]} Rd3 $1 42. Nd4 Bc5 43. Be2 {[#]} Rc3 $1 44. Bd1 Bxd4 45. exd4 {KR-KB} Rd3 46. Bc2 $2 (46. Ke2 Rxd4 47. Bc2) 46... Rd2 47. Bf5 Rb2 48. Ke1 Rxb3 49. Kd2 Rf3 50. Bc8 Rxf2+ 51. Kc3 Rf3+ 52. Kb4 Rxg3 53. Bxb7 f5 54. Bxc6 f4 55. c5 f3 56. Bb7 {[#]} a5+ $1 57. Ka4 (57. Kxa5 f2) 57... f2 58. Ba6 Rg1 59. d5 Ra1+ 60. Kb3 f1=Q {Precision: White = 52%, Black = 85%.} 0-1

[Event "10th KiiT Festival 2017"]
[Site "Bhubaneshwar"]
[Date "2017.06.02"]
[Round "10"]
[White "Ziatdinov, Raset"]
[Black "Cholleti Sahajasri"]
[Result "1-0"]
[WhiteElo "2291"]
[BlackElo "2133"]
[Annotator "TA"]
[PlyCount "51"]
[EventDate "2017.05.26"]
[EventType "swiss"]
[EventCountry "IND"]
[SourceTitle "playchess.com"]
[Source "ChessBase"]
[SourceQuality "1"]

{[%evp 16,51,13,12,25,7,3,10,24,0,0,-10,0,0,10,-11,2,-24,51,50,41,69,58,17,41,36,214,173,224,240,304,299,279,283,323,321,529,527]} 1. e4 c5 2. Nf3 d6 3. d4 cxd4 4. Nxd4 Nf6 5. Nc3 a6 6. Be2 e5 7. Nb3 Be7 8. O-O O-O 9. Qd3 Nc6 {B92: Sicilian Najdorf: 6 Be2} (9... Be6 10. Bd2 Nbd7 11. Nd5 Bxd5 12. exd5 b5 13. a4 Nb6 14. axb5 axb5 15. Na5 Nbxd5 16. Bf3 Nf4 17. Qxb5 Rb8 {½-½ (41) Oparin,G (2604)-Khismatullin,D (2651) Sochi 2017}) 10. Bg5 Be6 11. Rfd1 Ne8 {The position is equal.} 12. Bxe7 Nxe7 13. Rd2 Qb6 $146 ({Predecessor:} 13... Qc7 14. Rad1 Rc8 15. Bh5 Nf6 16. Bf3 Rfd8 17. Qe3 b6 {1-0 (40) Krabbe,W-Budde,W Germany 1999}) 14. Rad1 Rd8 15. Qg3 f5 16. Qh3 (16. Na4 $5 {[%cal Ra4b6]} Qc7 17. Qc3 $11) 16... Nc7 (16... Nf6 $11) 17. Qe3 $36 {[%mdl 2048] White is more active.} Qxe3 18. fxe3 fxe4 19. Rxd6 (19. Nc5 $5 {[%cal Rc5e6]}) 19... Rxd6 20. Rxd6 Bxb3 $2 {[#]} (20... Nf5 $14 21. Rb6 Nxe3) 21. axb3 Nf5 (21... Nb5 $142 22. Nxb5 (22. Bxb5 axb5 23. Re6 Nf5 $16) 22... axb5) 22. Rd7 $18 Nb5 23. Bc4+ ({Weaker is} 23. Nxb5 axb5 24. Rxb7 Nxe3 $16) (23. Rxb7 Nxc3 24. Bc4+ (24. bxc3 Nxe3 25. Rb4 Rc8 $16) 24... Kh8 $16) 23... Kh8 24. Nd5 ({Don't do} 24. Nxb5 $6 axb5 25. Bxb5 Nxe3 $16) ({And not} 24. Rxb7 Nbd6 $14) 24... Nbd6 25. Be2 g6 $2 {[#]} (25... Ne8 26. g4 Nh6 27. Rxb7 Nf6) 26. g4 {Precision: White = 37%, Black = 15%.} 1-0

[Event "10th KiiT Festival 2017"]
[Site "Bhubaneshwar"]
[Date "2017.06.02"]
[Round "10"]
[White "Ziatdinov, Raset"]
[Black "Cholleti Sahajasri"]
[Result "*"]
[WhiteElo "2291"]
[BlackElo "2133"]
[Annotator "TA"]
[PlyCount "34"]
[EventDate "2017.05.26"]
[EventType "swiss"]
[EventCountry "IND"]
[SourceTitle "playchess.com"]
[Source "ChessBase"]
[SourceQuality "1"]

{[%evp 18,25,27,13,16,8,23,0,0,0]} 1. e4 c5 2. Nf3 d6 3. d4 cxd4 4. Nxd4 Nf6 5. Nc3 a6 6. Be2 e5 7. Nb3 Be7 8. O-O O-O 9. Qd3 Nc6 {B92: Sicilian Najdorf: 6 Be2} (9... Be6 10. Bd2 Nbd7 11. Nd5 Bxd5 12. exd5 b5 13. a4 Nb6 14. axb5 axb5 15. Na5 Nbxd5 16. Bf3 Nf4 17. Qxb5 Rb8 {½-½ (41) Oparin,G (2604)-Khismatullin,D (2651) Sochi 2017}) 10. Bg5 {LiveBook: 5 Games} Be6 11. Rfd1 Ne8 12. Bxe7 Nxe7 13. Rd2 {Predecessor:} Qc7 $146 14. Rad1 Rc8 15. Bh5 Nf6 16. Bf3 Rfd8 17. Qe3 b6 {1-0 (40) Krabbe,W-Budde,W Germany 1999} *

[Event "10th KiiT Festival 2017"]
[Site "Bhubaneshwar"]
[Date "2017.06.02"]
[Round "10"]
[White "Akash Pc, Iyer"]
[Black "Sreeshwan Maralakshikari"]
[Result "1-0"]
[WhiteElo "2282"]
[BlackElo "2072"]
[Annotator "TA"]
[PlyCount "149"]
[EventDate "2017.05.26"]
[EventType "swiss"]
[EventCountry "IND"]
[SourceTitle "playchess.com"]
[Source "ChessBase"]
[SourceQuality "1"]

{[%evp 9,149,9,16,0,18,-6,11,14,18,18,18,18,18,18,12,14,21,21,31,28,27,27,49,21,17,30,49,0,0,0,20,25,24,7,68,87,88,45,64,56,98,89,97,78,173,170,180,117,260,257,889,163,151,155,148,143,149,147,148,127,197,181,211,204,244,258,252,237,360,343,581,550,537,289,685,685,676,684,658,655,638,638,622,610,601,570,1018,1016,929,901,864,828,12842,633,12843,12843,12844,12844,12845,12845,12847,12847,12848,12847,29986,29987,29987,29988,29988,12850,12850,12850,12851,29985,12851,29986,12851,29987,12851,29988,12851,29989,12851,29990,29994,29995,29996,29995,29995,29995,29996,29994,29994,29995,29995,29996,29996,29997,29997,29998,29998,29999]} 1. d4 d5 2. Nf3 Nf6 3. e3 c6 4. Bd3 Bg4 5. Nbd2 e6 6. h3 {D04: Colle System} Bh5 7. Qe2 (7. b3 Be7 8. Bb2 Nbd7 9. O-O O-O 10. c4 a5 11. Qc2 Bg6 12. Bxg6 hxg6 13. Ne5 a4 {1-0 (41) Petr,M (2508)-Rydl,J (2413) Czech Republic 2015}) 7... Bd6 $146 ({Predecessor:} 7... Nbd7 8. c3 Be7 9. e4 dxe4 10. Nxe4 Nxe4 11. Qxe4 Bg6 12. Qe2 Bxd3 13. Qxd3 O-O 14. Bf4 {½-½ (14) Mengual Bolo,C (2145)-Gonzalez Custodio,R (2184) Burguillos 2007}) 8. e4 {The position is equal.} dxe4 9. Nxe4 Nxe4 10. Bxe4 Nd7 11. g4 Bg6 12. Bxg6 hxg6 13. Bd2 Qc7 14. O-O-O O-O-O 15. Kb1 Rde8 16. c4 (16. Ng5 $5 {[%cal Rg5f7]}) 16... Bf4 17. Bc3 f6 18. Ne1 e5 19. d5 e4 20. dxc6 Qxc6 21. Nc2 Nb6 (21... Ne5 $11) 22. b3 $14 Be5 23. Nd4 Bxd4 $1 24. Bxd4 a6 25. Qe3 Nd7 26. Bc3 Ne5 (26... Qb6 $16 {is a better defense.}) 27. Rd5 $1 $18 {[%cal Rd5c5]} Nd3 28. Qa7 (28. f3 $18 b6 29. fxe4) 28... Qc7 (28... b6 $16 {was worth a try.}) 29. Ba5 Qb8 $2 (29... b6 30. Qxa6+ Qb7 31. Qxb6 Qxb6 32. Bxb6 g5) 30. Rc5+ $2 (30. Qb6 f5 31. gxf5 gxf5 32. Rc5+ $1 {[%mdl 512]} Kd7 33. Rc7+ Qxc7 34. Qxc7+ Ke6 35. Qxg7) 30... Kd7 {[#]} 31. Rc7+ $1 $40 {[%mdl 128] White goes for the king.} Qxc7 32. Bxc7 Kxc7 33. Qe3 Re5 34. f3 Rhe8 (34... Rd8 $16) 35. fxe4 Nc5 36. Rd1 Nxe4 37. Qd4 R5e6 {White must now prevent ...Rd6.} 38. c5 {[%cal Bc4c5,Bc5c6][%mdl 32]} R6e7 (38... Kb8 {keeps fighting.} 39. Rc1 Kc7) 39. Kb2 f5 $2 {[#]} (39... a5 40. Qd5 Kb8) 40. c6 $1 {[%mdl 512]} b6 (40... bxc6 41. Qa7+) 41. Qc4 b5 $2 (41... fxg4 42. hxg4 Nd6 43. Qxa6 Re2+ 44. Ka3 R2e5) 42. Qd4 Kxc6 43. Rc1+ Kb7 44. Qd5+ Ka7 45. Rc6 Rb7 46. Qd4+ Kb8 47. Rxa6 Rc8 48. Qe5+ Rcc7 49. gxf5 gxf5 50. Qxf5 Nc5 51. Qf8+ Rc8 {[#]} 52. Ra8+ $1 {[%mdl 512]} Kxa8 53. Qxc8+ Rb8 54. Qxc5 {[%mdl 4096] Endgame KQ-KR} Rb7 55. Kc3 Kb8 56. Kb4 Ka8 57. Ka5 Kb8 58. Ka6 Rd7 59. Qxb5+ (59. b4 $142 Rf7 60. Qxb5+ Kc7 61. Qb7+ Kd6 62. Qxf7 g5 63. b5 Kc5 64. b6) 59... Kc8 {[#]} 60. Qxd7+ $3 Kxd7 {KP-KP} 61. b4 Kc7 62. Ka7 (62. b5 $18 g5 63. b6+ Kd7 64. a4) 62... Kc6 63. a4 Kd5 64. b5 Kc5 65. b6 Kb4 66. b7 Kxa4 {White mates.} 67. b8=Q Ka5 68. Qb6+ Ka4 69. Ka6 g5 70. Qd4+ Kb3 71. Kb5 g4 72. Qd3+ Kb2 73. Kb4 gxh3 74. Qd2+ Kb1 75. Kb3 {Precision: White = 73%, Black = 30%.} 1-0

[Event "10th KiiT Festival 2017"]
[Site "Bhubaneshwar"]
[Date "2017.06.02"]
[Round "10"]
[White "Kaustuv, Kundu"]
[Black "Navalgund, Niranjan"]
[Result "1/2-1/2"]
[WhiteElo "2274"]
[BlackElo "2351"]
[Annotator "TA"]
[PlyCount "52"]
[EventDate "2017.05.26"]
[EventType "swiss"]
[EventCountry "IND"]
[SourceTitle "playchess.com"]
[Source "ChessBase"]
[SourceQuality "1"]

{[%evp 18,52,0,0,16,9,18,7,31,21,21,0,37,34,37,25,37,14,29,22,43,42,49,46,42,48,68,0,0,0,0,0,0,0,28,31,40]} 1. Nf3 Nf6 2. g3 g6 3. Bg2 Bg7 4. O-O O-O 5. c4 d6 6. Nc3 Nc6 7. d3 e5 8. Rb1 a5 9. a3 Re8 10. Nd2 Bf5 {A26: English Opening vs King's Indian with ...Nc6 and d3} (10... Nd4 11. e3 Ne6 12. b4 axb4 13. axb4 c6 14. Qb3 h5 15. h4 Ng4 16. Bb2 f5 17. b5 Bd7 18. Nf3 f4 19. exf4 exf4 20. Ne4 fxg3 21. fxg3 {½-½ (43) Artemiev,V (2662)-Shirov,A (2675) Moscow 2014}) 11. b4 axb4 12. axb4 Qd7 {The position is equal.} 13. b5 Nd8 14. Nd5 Rc8 15. Nxf6+ $146 ({Predecessor:} 15. Ne4 Nxe4 16. dxe4 Be6 17. Bg5 Bxd5 18. cxd5 {½-½ (37) Wright,D-Hartston,W London 1968}) 15... Bxf6 16. Ne4 Bg7 17. b6 Bxe4 18. dxe4 cxb6 19. Rxb6 Rxc4 20. Rxd6 Qc8 21. Bb2 Nc6 22. f4 (22. Rd5 $14) 22... exf4 23. Bxg7 Kxg7 24. gxf4 Kg8 25. e5 Nb4 26. Rd7 Rc7 {Precision: White = 70%, Black = 51%.} 1/2-1/2

[Event "10th KiiT Festival 2017"]
[Site "Bhubaneshwar"]
[Date "2017.06.02"]
[Round "10"]
[White "Saurabh Anand"]
[Black "Deviatkin, Andrei"]
[Result "1/2-1/2"]
[WhiteElo "2266"]
[BlackElo "2481"]
[Annotator "TA"]
[PlyCount "138"]
[EventDate "2017.05.26"]
[EventType "swiss"]
[EventCountry "IND"]
[SourceTitle "playchess.com"]
[Source "ChessBase"]
[SourceQuality "1"]

{[%evp 14,138,40,23,22,-1,13,13,16,5,18,12,13,7,36,35,33,30,26,27,29,18,47,30,29,29,35,35,68,59,74,70,83,69,97,96,95,100,126,134,134,129,134,126,129,129,126,137,138,138,138,138,135,131,136,135,137,128,118,73,71,55,86,89,91,76,85,93,91,22,18,24,21,10,35,10,10,10,16,0,0,0,0,0,0,0,0,0,0,0,0,0,0,0,0,0,0,0,0,0,0,0,0,0,0,0,0,0,0,0,0,0,0,0,0,0,0,0,0,0,0,0,0,0,0,0,4]} 1. e4 c6 2. d4 d5 3. Nd2 {[%cal Bb1d2,Bd2e4,Be4g5][%mdl 32]} dxe4 4. Nxe4 Nd7 5. Ng5 Ndf6 6. Bc4 e6 7. Ne2 {[%cal Bg1e2,Be2g3,Bg3e4,Be4g5][%mdl 32]} Bd6 {B17: Caro-Kann: Modern Line (4...Nd7)} 8. O-O {LiveBook: 7 Games} Ne7 9. Bf4 Ng6 10. Bxd6 Qxd6 11. Ng3 O-O $146 ({Predecessor:} 11... Qf4 12. Nf3 O-O 13. Re1 c5 14. Bd3 cxd4 15. Bxg6 hxg6 16. Qxd4 Qxd4 17. Nxd4 {½-½ (27) Manik,M (2465)-Kovalov,S Kosice 1997}) 12. N5e4 Nxe4 13. Nxe4 Qb4 14. Bb3 b6 15. f4 $36 {[%mdl 2048] Black is under pressure.} a5 16. c3 Qe7 17. Bc2 Rb8 18. Ng5 h6 19. Nf3 Ba6 20. Rf2 f5 ({Reject} 20... Nxf4 21. Ne5 $16) 21. Qd2 Qd6 22. g3 c5 23. Re1 {aiming for dxc5.} Rbd8 24. dxc5 Qxc5 25. Qe3 {And now Qxc5 would win.} Rd6 {[#]} 26. Bb3 $1 Qxe3 27. Rxe3 Kf7 28. Nd4 {[%cal Rd4e6]} Kf6 29. Rxe6+ Rxe6 30. Nxe6 Re8 31. Nc7 Re1+ 32. Kg2 Bb7+ 33. Bd5 Re7 34. Bxb7 Rxc7 $16 {[%mdl 4096] Endgame KRB-KRN} 35. Bf3 Rd7 36. c4 Ne7 37. h4 Rd4 38. Rc2 g5 39. hxg5+ hxg5 40. fxg5+ Kxg5 41. c5 (41. Kf2 $16) 41... bxc5 $11 42. Rxc5 Rd2+ 43. Kf1 a4 44. Ra5 (44. Re5 $5 {[%cal Re5e7]} Ng6 45. Re2 $16) 44... Rxb2 {The position is equal.} 45. Rxa4 Nc8 46. Ra8 Nd6 47. a4 Ne4 48. Bxe4 fxe4 {KR-KR} 49. a5 Ra2 50. a6 Kg6 51. Ke1 e3 52. Kf1 Rf2+ 53. Ke1 Ra2 54. g4 {[%cal Bg3g4,Bg4g5,Bg5g6][%mdl 32]} (54. a7 $5 {[%cal Ra8g8]} Kh7 55. Kd1 Rd2+ 56. Ke1 $11) 54... Kh6 55. g5+ (55. a7 $5 {[%cal Ra8h8]} Kg7 56. Kd1 $11) 55... Kg6 56. a7 {Strongly threatening Rg8+.} Kg7 57. Kd1 (57. g6 $5) 57... Kh7 {[#]} 58. g6+ $1 {[%mdl 512]} Kg7 $1 (58... Kxg6 59. Rg8+) 59. Ke1 e2 60. Kf2 e1=Q+ 61. Kxe1 Ra6 62. Kf2 Ra2+ 63. Ke3 Ra3+ 64. Kd4 Ra4+ 65. Kc5 Ra1 66. Kd6 $1 {[%cal Rd6c7]} Rd1+ 67. Ke6 {Threatens to win with Rg8+.} Re1+ 68. Kd5 Rd1+ 69. Kc4 {Rg8+! is the strong threat.} Ra1 {Precision: White = 73%, Black = 76%.} 1/2-1/2

[Event "10th KiiT Festival 2017"]
[Site "Bhubaneshwar"]
[Date "2017.06.02"]
[Round "10"]
[White "Chakravarthi Reddy, M."]
[Black "Nayak Rajesh"]
[Result "1/2-1/2"]
[WhiteElo "2226"]
[BlackElo "2067"]
[Annotator "TA"]
[PlyCount "98"]
[EventDate "2017.05.26"]
[EventType "swiss"]
[EventCountry "IND"]
[SourceTitle "playchess.com"]
[Source "ChessBase"]
[SourceQuality "1"]

{[%evp 16,98,28,2,40,35,37,25,31,36,37,11,73,79,137,126,127,127,151,158,163,170,153,151,160,136,136,130,178,164,198,198,198,198,198,198,198,213,213,206,198,213,198,198,231,234,198,198,234,234,234,234,234,231,231,198,198,198,231,198,234,231,231,231,224,143,143,143,137,147,270,269,254,235,278,273,273,273,273,0,0,0,0,0,0]} 1. d4 Nf6 2. c4 g6 3. Nc3 Bg7 4. Nf3 d6 5. g3 O-O 6. Bg2 Nc6 7. O-O a6 8. Bg5 Rb8 9. Rc1 Bd7 {E63: King's Indian: Fianchetto: Panno Variation with 7...a6} (9... h6 $5 {[%cal Rh6g5]} 10. Bxf6 exf6 $11) 10. e4 Bg4 11. h3 Bxf3 {White has an edge.} 12. Bxf3 e5 13. dxe5 {[#]} dxe5 $146 (13... Nxe5 $11 14. Be2 Nc6) ({Predecessor:} 13... Nxe5 14. Be2 h6 15. Be3 b5 16. cxb5 axb5 17. Nd5 {½-½ (29) Ivanchuk,V (2700)-Shirov,A (2710) Linares 1995}) 14. Qxd8 $1 $16 Nxd8 (14... Rfxd8 $142 15. Nd5 Nd4) 15. Nd5 $36 {[%mdl 2048] White is on the roll.} Nxd5 16. cxd5 c6 17. Rfd1 f6 18. Be3 Rf7 19. Bb6 Bf8 20. Be2 cxd5 21. Rxd5 Nc6 22. Bxa6 bxa6 23. Rxc6 Rfb7 {[#]} 24. Be3 $1 Rxb2 25. Rxa6 ({Don't do} 25. Rxf6 $6 Rxa2 26. h4 Re8 $16) 25... R2b4 26. Rxf6 Ra8 27. Rd7 Rxe4 28. Rff7 Rxa2 29. Rxh7 Ra1+ 30. Kg2 Rd1 31. Rc7 Rc4 32. Rxc4 Kxh7 $18 {[%mdl 4096] Endgame KRB-KRB} 33. Rc7+ Kg8 34. Kf3 Bg7 35. Ke4 Bf6 36. h4 Kf8 37. Kf3 Kg8 38. Kg4 Ra1 39. Rc4 Kf7 40. Bg5 {Rc7+ is the strong threat.} Ra6 41. Rb4 Ke6 42. Be3 Ra1 {[#]} (42... Ra8 $16 43. Rb6+ Kf7 44. Rb7+ Ke6 45. Rb6+ Kf7 46. Rb7+ Ke6 47. Rb6+) 43. h5 $1 gxh5+ 44. Kxh5 Be7 45. Rb6+ Kf5 {[%cal Ra1h1]} 46. g4+ Ke4 47. g5 $2 (47. Rb7 $18 Ba3 48. g5) 47... Kf5 $11 {[%cal Ra1h1] The position is equal.} 48. Kh4 Rh1+ 49. Kg3 Bxg5 {Precision: White = 92%, Black = 52%.} 1/2-1/2

[Event "10th KiiT Festival 2017"]
[Site "Bhubaneshwar"]
[Date "2017.06.02"]
[Round "10"]
[White "Thanki, Hemal Karsanji"]
[Black "Hari Madhavan N B"]
[Result "1/2-1/2"]
[WhiteElo "2182"]
[BlackElo "1970"]
[Annotator "TA"]
[PlyCount "105"]
[EventDate "2017.05.26"]
[EventType "swiss"]
[EventCountry "IND"]
[SourceTitle "playchess.com"]
[Source "ChessBase"]
[SourceQuality "1"]

{[%evp 16,105,0,-13,-14,-16,0,0,51,61,86,16,29,19,35,23,72,51,54,54,115,123,115,106,161,157,155,162,203,185,175,172,169,156,171,168,166,159,162,166,157,133,149,140,148,119,152,115,123,102,221,173,170,164,172,172,177,184,175,153,185,94,121,101,132,140,200,112,109,21,3,20,55,0,0,-14,0,0,0,0,0,0,0,0,0,0,0,-75,0,0,0,0]} 1. c4 c6 2. e4 d5 3. cxd5 cxd5 4. exd5 Nf6 5. Qa4+ Nbd7 6. Nc3 g6 7. Nf3 Bg7 8. Bc4 {B10: Caro-Kann: 2 d3 and 2 c4} O-O 9. d3 {LiveBook: 262 Games} a6 {White must now prevent ...b5.} 10. Qa3 Nb6 {[%cal Rf6d5]} (10... b6 11. O-O Bb7 12. Re1 Re8 13. Be3 b5 14. Bb3 Nb6 15. Bxb6 Qxb6 {0-1 (36) Bortnyk,O (2579)-Grischuk,A (2747) ICC INT 2016}) 11. Qb3 Nbd7 (11... Bg4 $11) 12. a4 $1 $14 b6 13. d4 (13. O-O $16) 13... Bb7 $11 14. O-O $36 {[%mdl 2048] White has good play.} Qc7 15. Bg5 {[%cal Bc1g5,Bg5e7,Be7d6][%mdl 32]} Rac8 16. Bd3 Qd6 17. Rfe1 Nxd5 $146 ({Black should play} 17... a5 $14) ({Predecessor:} 17... Rfe8 18. Ne5 Nxd5 {½-½ (35) Zdebskaja,N (2368)-Risch,M (2017) Differdange 2008}) 18. Nxd5 $16 Bxd5 19. Bxe7 Qc6 (19... Qxe7 $16 {was worth a try.} 20. Qxd5 (20. Rxe7 Bxb3 21. Rxd7 Rcd8 $11) 20... Nf6) 20. Qd1 $18 Rfe8 21. Bxa6 Rb8 22. Bb5 Qb7 23. Bd6 Rxe1+ 24. Nxe1 Rd8 25. Rc1 {Threatens to win with Rc7.} Nf8 26. Bc7 $1 {[%cal Rc7d8]} Ra8 27. Be5 Ne6 28. Bxg7 Kxg7 29. Qd2 Rd8 30. Qe3 Kg8 31. f3 Qe7 32. Nd3 Bb7 (32... Qh4 $16 {was called for.}) 33. d5 Bxd5 34. Qxb6 Bxf3 35. Qe3 ({Don't play} 35. gxf3 $6 Qg5+ 36. Kh1 Rxd3 $16) 35... Bb7 36. Nc5 Bd5 37. Nxe6 Bxe6 38. h3 (38. Bc4 $1 $18) 38... Qf6 $16 39. Qc3 Qg5 40. Re1 $1 Rd2 {[#]} (40... Qh4 $16) 41. Bf1 (41. Bc6 $1 $18) 41... Qf4 {[#] Hoping for ...Qf2+.} 42. Qe3 (42. Be2 $1 $16) 42... Qb4 $11 43. b3 Rc2 44. Bc4 ({Better is} 44. Rd1 $14) 44... Bxc4 45. bxc4 Rxc4 {[%mdl 4096] Endgame KQR-KQR} 46. Qe8+ Kg7 47. Qe5+ Kg8 (47... f6 $5 {[%cal Rf6e5]} 48. Qe8 Rc7 $11) 48. Qe8+ (48. Rd1 $5 {[%cal Rd1d8]} Qb6+ 49. Kh2 $11) 48... Kg7 49. Rf1 Qc5+ 50. Kh1 Qd5 51. Re1 (51. Qe2 $11 {remains equal.}) 51... Rc2 ({Black should try} 51... h5 $17) 52. Qe5+ Qxe5 53. Rxe5 {Precision: White = 67%, Black = 47%.} 1/2-1/2